| 000 | 00000nam 2200000za 4500 |
| 001 | 9.653011 |
| 003 | CaOODSP |
| 005 | 20210615115925 |
| 007 | ta |
| 008 | 150407s1992 quc # f|0| 0 eng d |
| 020 | |a0-660-57098-X |
| 040 | |aCaOODSP|beng |
| 041 | |aeng |
| 041 | |afre |
| 043 | |an-cn--- |
| 086 | 1 |aCo28-1/87-1992 |
| 245 | 00|aThesaurus of information sciences and technologies / |cEdited by Denis Beauchemin. |
| 260 | |aLaval - Quebec : |bCommunications Canada. |c1992. |
| 300 | |aEnglish text, 164p. ; |c28 cm. |
| 500 | |a"In 1987, the Integrated Service of Information Resources (ISIR) of the Canadian Workplace Automation Research Centre (CWARC) began to set up a bibliographic data base to manage and make usable its documentation collection, which consists of printed, machine-readable, audio-visual, microfilm and other types of documents and covers mainly the subject fields that are relevant to CWARC's activities.... This research is conducted in the area of information and communications technology, which includes such subject fields as computer science, telecommunications, optics, acoustics and graphics and their specific information-processing applications (production, conversion, storage, distribution and access)."--Introduction. |
| 520 | 3 |aThis handy reference from the Canadian Workplace Automation Research Centre (CWARC) gives users insight into vocabulary used for information architecture, multimedia systems and performance support systems. The English-French, recto-verso format contains more than 3,000 terms, with an alphabetical and hierarchical list of generic terms as well as proper nouns identifying products, services and organizations. |
| 546 | |aBilingual |
| 563 | |aSoftcover |
| 590 | |a92-48|b1992-11-27 |
| 690 | 07|aInformation|2gcpds |
| 690 | 07|aInformation technology|2gcpds |
| 710 | 1 |aCanada. |bCommunications Canada. |
| 710 | 2 |aCanadian Workplace Automation Research Centre. |
| 720 | 1 |aBeauchemin, Denis |
| 776 | 0#|tThesaurus of information sciences and technologies / |w(CaOODSP)9.699644 |
| 776 | 0#|tThesaurus des sciences et des technologies de l'information |w(CaOODSP)9.643620 |
| 792 | |tThesaurus des sciences et des technologies de l'information / |efre|w(CaOODSP)9.653012 |